00665nam a2200193 i 4500001000400000245008400004260006300088300002400151504002200175650004100197655001500238700002700253700002200280020001400302040000800316041000800324008004100332856009800373bgj00aTesting Language Proficiency /cedited by Randall L. Jones and Bernard Spolsky. aArlington, Va :bCentre for Applied Linguistics,cc. 1975. aV, 146 pp ;c23 cm. aReferences p. IV. 9aLanguage and languagesxExaminations aCongresses1 aJONES, Randall L.eed.1 aSpolsky, Bernard. a872810402 cBPK0 aeng s uk f |000 0 eng  uhttp://koha.tu.koszalin.pl/cgi-bin/koha/opac-detail.pl?biblionumber=47624yKatalog online BPK